Νεοελληνική νομική γλώσσα
Αποθηκεύτηκε σε:
| Κύριος συγγραφέας: | |
|---|---|
| Μορφή: | Βιβλίο |
| Γλώσσα: | Greek |
| Δημοσίευση: |
Αθήνα :
Χάρης Καρατζάς,
|
| Θέματα: | |
| Ετικέτες: |
Προσθήκη ετικέτας
Δεν υπάρχουν, Καταχωρήστε ετικέτα πρώτοι!
|
MARC
| LEADER | 00000nam a2200000 i 4500 | ||
|---|---|---|---|
| 001 | 1/21979 | ||
| 008 | 940927s1992 gre d | ||
| 035 | |l 10021814 | ||
| 040 | |a GR-MY-UA |b gre |e aacr | ||
| 041 | 0 | |a gre | |
| 082 | 0 | |a 340.014 | |
| 100 | 1 | |a Σταυράκης, Αργύρης Ν. | |
| 245 | 1 | 0 | |a Νεοελληνική νομική γλώσσα / |c Αργύρης Ν. Σταυράκης |
| 260 | |a Αθήνα : |b Χάρης Καρατζάς, | ||
| 650 | 0 | 0 | |a Law |x Terminology. |
| 852 | |a INST |b CHIOS |e 19940927 |h 340.014 ΣΤΑ |p 005200002843 |q 005200002843 |t BK |y 0 | ||
| 909 | |a Χ |b 029916 | ||